NBA Western Conference Rosters 25-26 - Statistics

General Stats
  • This quiz has been taken 37 times
  • The average score is 62 of 264
Answer Stats
Tm Pos Player # Career Path Pick # Tm Year % Correct
F/C Anthony Davis 3 NOH 23 | NOP 23 | LAL 3 | DAL 3 | R1P1 NOH 2012
68%
G/F Cooper Flagg** 32 DAL 32 | R1P1 DAL 2025
68%
F Nigel Hayes-Davis* 21 LAL 15 | TOR 2 | SAC 40 | PHX 21 | UDFA N/A 2017
68%
C Nikola Jokić 15 DEN 15 | R2P41 DEN 2014
68%
F TrayceJackson-Davis 32 GSW 32 | R2P57 WSH 2023
68%
F Cameron Johnson* 23 PHX 23 | BKN 2 | DEN 23 | R1P11 MIN 2019
64%
G/F Keldon Johnson 3 SAS 3 | SAS 0 | SAS 3 | R1P29 SAS 2019
64%
G Kyrie Irving 11 CLE 2 | BOS 11 | BKN 11 | DAL 2 |DAL 11 | R1P1 CLE 2011
64%
G Klay Thompson 31 GSW 11 | DAL 31 | R1P11 GSW 2011
60%
G/F Luka Dončić 77 DAL 77 | LAL 77 | R1P3 ATL 2018
60%
G Stephen Curry 30 GSW 30 | R1P7 GSW 2009
60%
F Aaron Gordon 32 ORL 00 | DEN 50 | DEN 32 | R1P4 ORL 2014
56%
G/F Amen Thompson 1 HOU 1 | R1P4 HOU 2023
56%
G Brandon Williams 10 POR 5 | POR 8 | DAL 00 | DAL 10 | UDFA N/A 2021
56%
F Cody Williams 5 UTA 5 | R1P10 UTA 2024
56%
G Dejounte Murray 5 SAS 5 | ATL 5 | NOP 5 | R1P29 SAS 2016
56%
C Dereck Lively II 2 DAL 2 | R1P12 OKC 2023
56%
F Draymond Green 23 GSW 23 | R2P35 GSW 2012
56%
F Jalen Williams 8 OKC 8 | R1P12 OKC 2022
56%
G Jamal Murray 27 DEN 27 | R1P7 DEN 2016
56%
F Jaylin Williams 6 OKC 6 | R2P34 OKC 2022
56%
F Keegan Murray 13 SAC 13 | R1P4 SAC 2022
56%
G/F Kenrich Williams 34 NOP 34 | OKC 34 | UDFA N/A 2018
56%
F Kris Murray 24 POR 8 | POR 24 | R1P23 POR 2023
56%
C Mark Williams* 15 CHA 5 | PHX 15 | R1P15 CHA 2022
56%
F/C Robert Williams III 35 BOS 44 | POR 35 | R1P27 BOS 2018
56%
G Seth Curry* 31 MEM 1 | CLE 31 | PHX 10 | SAC 30 |DAL 30 | POR 31 | DAL 30 | PHI 31 | BKN 30 | DAL 30 | CHA 30 | GSW 31 | UDFA N/A 2013
56%
G Vince Williams Jr. 5 MEM 5 | R2P47 MEM 2022
56%
G Christian Braun 0 DEN 0 | R1P21 DEN 2022
52%
F/C Daniel Gafford 21 CHI 12 | WSH 21 | DAL 21 | R2P38 CHI 2019
52%
G Jalen Green* 4 HOU 0 | HOU 4 | PHX 4 | R1P2 HOU 2022
52%
F Jeff Green 32 SEA 22 | OKC 22 | BOS 8 | MEM 32 |LAC 8 | ORL 34 | CLE 32 | WSH 32 | UTA 22 | HOU 32 | BKN 8 | DEN 32 | HOU 32 | R1P5 BOS 2007
52%
F LeBron James 23 CLE 23 | MIA 6 | CLE 23 | LAL 23 |LAL 6 | LAL 23 | R1P1 CLE 2003
52%
G Austin Reaves 15 LAL 15 | UDFA N/A 2021
48%
G Bronny James Jr. 9 LAL 9 | R2P55 LAL 2024
48%
G Curtis Jones** 1 DEN 1 | UDFA N/A 2025
48%
F Derrick Jones Jr. 5 PHX 10 | MIA 5 | POR 55 | POR 5 |CHI 5 | DAL 55 | LAC 55 | LAC 5 | UDFA N/A 2016
48%
F Herbert Jones 2 NOP 5 | NOP 2 | R2P35 NOP 2021
48%
F Spencer Jones 21 DEN 21 | UDFA N/A 2024
48%
F DorianFinney-Smith* 2 DAL 10 | BKN 28 | LAL 17 | HOU 2 | UDFA N/A 2016
44%
F Jabari Smith Jr. 10 HOU 1 | HOU 10 | R1P3 HOU 2022
44%
G Ja Morant 12 MEM 12 | R1P2 MEM 2019
44%
F/C Jaren Jackson Jr. 8 MEM 13 | MEM 8 | R1P4 MEM 2018
44%
F Kawhi Leonard 2 SAS 2 | TOR 2 | LAC 2 | R1P15 IND 2011
44%
F Kevin Durant* 7 SEA 35 | OKC 35 | GSW 35 | BKN 7 |PHX 35 | HOU 7 | R1P2 SEA 2007
44%
G Nick Smith Jr.* 20 CHA 8 | LAL 20 | R1P27 CHA 2023
44%
F GG Jackson 45 MEM 45 | R2P45 MEM 2023
40%
G Peyton Watson 8 DEN 8 | R1P30 OKC 2022
40%
F P.J. Washington Jr. 25 CHA 25 | DAL 25 | R1P12 CHA 2019
40%
G TyTyWashington Jr.* 15 HOU 0 | MIL 23 | PHX 14 | LAC 15 | R1P29 MEM 2022
40%
C Alperen Şengün 28 HOU 28 | R1P16 OKC 2021
36%
G Anthony Edwards 5 MIN 1 | MIN 5 | R1P1 MIN 2020
36%
G/F Bruce Brown* 11 DET 6 | BKN 1 | DEN 11 | IND 11 |TOR 11 | NOP 00 | DEN 11 | R2P42 DET 2018
36%
G D'Angelo Russell* 5 LAL 1 | BKN 1 | GSW 0 | MIN 0 | LAL 1 | BKN 1 | DAL 5 | R1P2 LAL 2015
36%
LAL C Deandre Ayton* 5 PHX 22 | POR 2 | LAL 5 | R1P1 PHX 2018
36%
F/C Dwight Powell 7 BOS 12 | DAL 8 | DAL 7 | R2P45 CHA 2014
36%
GSW F Jimmy Butler III 10 CHI 21 | MIN 23 | PHI 23 | MIA 22 |GSW 10 | R1P30 CHI 2011
36%
F Kobe Brown 24 LAC 21 | LAC 24 | R1P30 LAC 2023
36%
DAL G Max Christie 00 LAL 10 | LAL 12 | DAL 00 | R2P35 LAL 2022
36%
F Rui Hachimura 28 WSH 8 | LAL 28 | R1P9 WSH 2019
36%
G/F Tim Hardaway Jr.* 10 NYK 5 | ATL 10 | NYK 3 | DAL 11 |DAL 10 | DET 8 | DEN 10 | R1P24 NYK 2013
36%
C Zach Edey 14 MEM 14 | R1P9 MEM 2024
36%
F Zion Williamson 1 NOP 1 | R1P1 NOP 2019
36%
G Bradley Beal* 0 WSH 3 | PHX 3 | LAC 0 | R1P3 WSH 2012
32%
G Brandin Podziemski 2 GSW 2 | R1P19 GSW 2023
32%
C Brook Lopez* 11 BKN 11 | LAL 11 | MIL 11 | LAC 11 | R1P10 NJN 2010
32%
G Cam Christie 12 LAC 12 | R2P46 LAC 2024
32%
G Devin Booker 1 PHX 1 | R1P13 PHX 2015
32%
G Donte DiVincenzo 0 MIL 9 | MIL 0 | SAC 0 | GSW 0 | NYK 0 | MIN 0 | R1P17 MIL 2018
32%
G Fred VanVleet 5 TOR 23 | HOU 5 | UDFA N/A 2016
32%
F Jake LaRavia* 12 MEM 3 | SAC 33 | LAL 12 | R1P19 MIN 2022
32%
F/C John Collins* 20 ATL 20 | UTA 20 | LAC 20 | R1P19 ATL 2017
32%
C Jonas Valančiūnas* 17 TOR 17 | MEM 17 | NOP 17 | WSH 17 | SAC 17 | DEN 17 | R1P5 TOR 2011
32%
G Julian Strawther 3 DEN 3 | R1P29 IND 2023
32%
G Mike Conley Jr. 10 MEM 11 | UTA 10 | UTA 11 | MIN 10 | R1P4 MEM 2007
32%
F Naji Marshall 13 NOP 8 | DAL 13 | UDFA N/A 2020
32%
F/C Naz Reid 11 MIN 11 | UDFA N/A 2019
32%
G Reed Sheppard 15 HOU 15 | R1P3 HOU 2024
32%
C Rudy Gobert 27 UTA 27 | MIN 27 | R1P27 DEN 2013
32%
F/C Victor Wembanyama 1 SAS 1 | R1P1 SAS 2023
32%
G Aaron Holiday 0 IND 3 | WSH 4 | PHX 4 | ATL 3 | HOU 0 | R1P23 IND 2018
28%
C Al Horford* 20 ATL 15 | BOS 42 | PHI 42 | OKC 42 | BOS 42 | GSW 20 | R1P3 ATL 2007
28%
G Cam Spencer 24 MEM 24 | R2P53 DET 2024
28%
G Cedric Coward** 23 MEM 23 | R1P11 POR 2025
28%
F/C Chet Holmgren 7 OKC 7 | R1P2 OKC 2022
28%
C Clint Capela* 30 HOU 15 | ATL 15 | HOU 30 | R1P25 HOU 2014
28%
G De'Anthony Melton* 8 PHX 14 | MEM 0 | PHI 8 | GSW 8 | R2P46 HOU 2018
28%
G/F Dillon Brooks* 3 MEM 24 | HOU 9 | PHX 3 | R2P45 HOU 2017
28%
F Gui Santos 15 GSW 15 | R2P55 GSW 2022
28%
G Jaden Hardy 1 DAL 3 | DAL 1 | R2P37 SAC 2022
28%
G James Harden 1 OKC 13 | HOU 13 | BKN 13 | PHI 1 |LAC 1 | R1P3 OKC 2009
28%
F Jarred Vanderbilt 2 DEN 8 | DEN 6 | MIN 3 | MIN 8 | UTA 8 | LAL 2 | R2P41 ORL 2018
28%
C Jaxson Hayes 11 NOP 10 | LAL 11 | R1P8 ATL 2019
28%
F Jaylen Wells 0 MEM 0 | R2P39 MEM 2024
28%
G Jordan Poole* 3 GSW 3 | WSH 13 | NOP 3 | R1P28 GSW 2019
28%
G Jrue Holiday* 5 PHI 11 | NOP 11 | MIL 21 | BOS 4 |POR 5 | R1P17 PHI 2009
28%
F/C Julius Randle 30 LAL 30 | NOP 30 | NYK 30 | MIN 30 | R1P7 LAL 2014
28%
G Kentavious Caldwell-Pope* 3 DET 5 | LAL 1 | WSH 1 | DEN 5 | ORL 3 | MEM 3 | R1P8 DET 2013
28%
G Luguentz Dort 5 OKC 5 | UDFA N/A 2019
28%
G Marcus Smart* 36 BOS 36 | MEM 36 | WSH 36 | LAL 36 | R1P6 BOS 2014
28%
G Pat Spencer 61 GSW 61 | UDFA N/A 2023
28%
C Quinten Post 21 GSW 21 | R2P52 GSW 2024
28%
G Ryan Nembhard** 9 DAL 9 | UDFA N/A 2025
28%
G ShaiGilgeous-Alexander 2 LAC 2 | OKC 2 | R1P11 CHA 2018
28%
G Stephon Castle 5 SAS 5 | R1P4 SAS 2024
28%
HOU C Steven Adams 12 OKC 12 | NOP 12 | MEM 4 | HOU 12 | R1P12 OKC 2013
28%
F Tari Eason 17 HOU 17 | R1P17 HOU 2022
28%
G Aaron Wiggins 21 OKC 21 | R2P55 OKC 2021
24%
G Alex Caruso 9 LAL 4 | CHI 6 | OKC 9 | UDFA N/A 2016
24%
G Bones Hyland 8 DEN 3 | LAC 5 | MIN 77 | MIN 8 | R1P26 DEN 2021
24%
G Buddy Hield 7 NOP 24 | SAC 24 | IND 24 | IND 7 |PHI 17 | GSW 7 | R1P6 NOP 2016
24%
G Cason Wallace 22 OKC 22 | R1P10 DAL 2023
24%
G/F Dalton Knecht 4 LAL 4 | R1P17 LAL 2024
24%
G De'Aaron Fox 4 SAC 5 | SAS 4 | R1P5 SAC 2017
24%
G/F Devin Vassell 24 SAS 24 | R1P11 SAS 2020
24%
F/C Domantas Sabonis 11 OKC 3 | IND 11 | SAC 10 | SAC 11 | R1P11 ORL 2016
24%
G Dylan Harper** 2 SAS 2 | R1P2 SAS 2025
24%
F/C Isaiah Hartenstein 55 HOU 55 | DEN 25 | CLE 55 | LAC 55 | NYK 55 | OKC 55 | R2P43 HOU 2017
24%
G Isaiah Joe 11 PHI 7 | OKC 11 | R2P49 PHI 2020
24%
F Jaden McDaniels 3 MIN 3 | R1P28 LAL 2020
24%
G Jordan Miller 22 LAC 11 | LAC 22 | R2P48 LAC 2023
24%
F/C Lauri Markkanen 23 CHI 24 | CLE 24 | UTA 23 | R1P7 MIN 2017
24%
F Leonard Miller 33 MIN 33 | R2P33 SAS 2023
24%
F/C Maxi Kleber 14 DAL 42 | LAL 14 | UDFA N/A 2014
24%
MEM F/C Santi Aldama 7 MEM 7 | R1P30 UTA 2021
24%
F Trey Murphy III 25 NOP 25 | R1P17 MEM 2021
24%
F Brandon Clarke 15 MEM 15 | R1P21 OKC 2019
20%
G Chris Paul* 3 NOH 3 | LAC 3 | HOU 3 | OKC 3 | PHX 3 | GSW 3 | SAS 3 | LAC 3 | R1P4 NOH 2005
20%
G Collin Gillespie 12 DEN 21 | PHX 12 | UDFA N/A 2022
20%
G Damian Lillard* 0* POR 0 | MIL 0 | R1P6 POR 2012
20%
F DeMar DeRozan 10 TOR 10 | SAS 10 | CHI 11 | SAC 10 | R1P9 TOR 2009
20%
POR F Deni Avdija 8 WSH 9 | WSH 8 | POR 8 | R1P9 WSH 2020
20%
C Derik Queen** 22 NOP 22 | R1P13 ATL 2025
20%
SAS F Harrison Barnes 40 GSW 40 | DAL 40 | SAC 40 | SAS 40 | R1P7 GSW 2012
20%
C Ivica Zubac 40 LAL 40 | LAC 40 | R2P32 LAL 2016
20%
G Jalen Pickett 24 DEN 24 | R2P32 IND 2023
20%
G Jaylen Clark 22 MIN 22 | R2P53 MIN 2023
20%
G/F Joe Ingles 7 UTA 2 | MIL 7 | ORL 7 | MIN 7 | UDFA N/A 2009
20%
F Jonathan Kuminga 1 GSW 00 | GSW 1 | R1P7 GSW 2021
20%
G Josh Okogie* 20 MIN 20 | PHX 2 | CHA 12 | HOU 20 | R1P20 MIN 2018
20%
F Kevon Looney* 55 GSW 36 | GSW 5 | NOP 55 | R1P30 GSW 2015
20%
G/F Nicolas Batum 33 POR 88 | CHA 5 | LAC 33 | PHI 40 |LAC 33 | R1P25 HOU 2008
20%
G Russell Westbrook* 18 OKC 0 | HOU 0 | WSH 4 | LAL 0 | LAC 0 | DEN 4 | SAC 18 | R1P4 SEA 2008
20%
G Shaedon Sharpe 17 POR 17 | R1P7 POR 2022
20%
F/C Zeke Nnaji 22 DEN 22 | R1P22 DEN 2020
20%
F Caleb Martin 16 CHA 10 | MIA 16 | PHI 16 | DAL 16 | UDFA N/A 2019
16%
G Danté Exum 0 UTA 11 | CLE 1 | DAL 0 | R1P5 UTA 2014
16%
C Donovan Clingan 23 POR 23 | R1P7 POR 2024
16%
PHX G Grayson Allen 8 UTA 24 | MEM 3 | MIL 7 | MIL 12 |PHX 8 | R1P21 UTA 2018
16%
F Jae'Sean Tate 8 HOU 8 | UDFA N/A 2018
16%
F Jerami Grant 9 PHI 39 | OKC 9 | DEN 9 | DET 9 |POR 9 | R2P39 PHI 2014
16%
G Jeremiah Fears** 0 NOP 0 | R1P7 NOP 2025
16%
F Julian Champagnie 30 PHI 55 | SAS 30 | UDFA N/A 2022
16%
C Jusuf Nurkić* 30 DEN 23 | POR 27 | PHX 20 | CHA 11 | UTA 30 | R1P16 CHI 2014
16%
G Keyonte George 3 UTA 3 | R1P16 UTA 2023
16%
G Kris Dunn 8 MIN 3 | CHI 32 | ATL 32 | POR 18 |UTA 11 | LAC 8 | R1P5 MIN 2016
16%
UTA G/F Kyle Anderson* 2 SAS 1 | MEM 1 | MIN 5 | MIN 1 | GSW 1 | MIA 20 | UTA 2 | R1P30 SAS 2014
16%
G Moses Moody 4 GSW 4 | R1P14 GSW 2021
16%
G Nikola Topić** 44* ROOKIE R1P12 OKC 2024
16%
F Ryan Dunn 0 PHX 0 | R1P28 DEN 2024
16%
G Scotty Pippen Jr. 1 LAL 14 | MEM 1 | UDFA N/A 2022
16%
G/F TerrenceShannon Jr. 1 MIN 00 | MIN 1 | R1P27 MIN 2024
16%
F Toumani Camara 33 POR 33 | R2P52 PHX 2023
16%
NOP G Trey Alexander* 23 DEN 23 | NOP 23 | UDFA N/A 2024
16%
G/F Ty Jerome* 2* PHX 10 | OKC 16 | GSW 10 | CLE 2 | R1P24 PHI 2019
16%
G/F Zach LaVine 8 MIN 8 | CHI 8 | SAC 8 | R1P13 MIN 2014
16%
F Ace Bailey** 19 UTA 19 | R1P5 UTA 2025
12%
F Adou Thiero** 1 LAL 1 | R2P36 BKN 2025
12%
G Bogdan Bogdanović 10 SAC 8 | ATL 13 | LAC 10 | R1P27 PHX 2014
12%
F Carter Bryant** 11 SAS 11 | R1P14 SAS 2025
12%
C DeAndre Jordan* 9 LAC 9 | LAC 6 | DAL 6 | NYK 6 | BKN 6 | LAL 10 | PHI 9 | DEN 6 | NOP 9 | R2P35 LAC 2008
12%
G Devin Carter 22 SAC 22 | R1P13 SAC 2024
12%
G Gabe Vincent 7 MIA 2 | LAL 7 | UDFA N/A 2018
12%
G/F Gary Payton II 0 MIL 0 | LAL 23 | WSH 4 | WSH 20 |GSW 0 | POR 00 | GSW 8 | GSW 0 | UDFA N/A 2016
12%
F Harrison Ingram 55 SAS 55 | R2P48 SAS 2024
12%
F Jeremy Sochan 10 SAS 10 | R1P9 SAS 2022
12%
G Jordan Hawkins 24 NOP 24 | R1P14 NOP 2023
12%
G Jose Alvarado 15 NOP 15 | UDFA N/A 2021
12%
F/C Kelly Olynyk* 8 BOS 41 | MIA 9 | HOU 41 | DET 13 |TOR 41 | NOP 13 | SAS 8 | R1P13 DAL 2013
12%
G Kobe Bufkin* 18 ATL 4 | LAL 18 | R1P15 ATL 2023
12%
F/C Luke Kornet* 7 CHI 2 | NYK 2 | BOS 40 | CLE 12 |MIL 35 | BOS 40 | SAS 7 | UDFA N/A 2017
12%
G Malik Monk 0 CHA 1 | LAL 11 | SAC 0 | R1P11 CHA 2017
12%
F Olivier-Maxence Prosper* 18 DAL 18 | DAL 8 | MEM 18 | R1P24 SAC 2023
12%
G Rob Dillingham 4 MIN 4 | R1P8 SAS 2024
12%
G/F Saddiq Bey* 41 DET 41 | ATL 41 | NOP 41 | R1P19 BKN 2020
12%
G Scoot Henderson 00 POR 00 | R1P3 POR 2023
12%
F Taylor Hendricks 0 UTA 0 | R1P9 UTA 2023
12%
C Walker Kessler 24 UTA 24 | R1P22 MEM 2022
12%
G Walter Clayton Jr.** 13 UTA 13 | R1P18 WSH 2025
12%
G Will Richard** 3 GSW 3 | R2P56 MEM 2025
12%
C Yves Missi 21 NOP 21 | R1P21 NOP 2024
12%
G Ajay Mitchell 25 OKC 25 | R2P38 NYK 2024
8%
C Bismack Biyombo 18 CHA 0 | CHA 8 | TOR 8 | ORL 11 |CHA 8 | PHX 18 | MEM 18 | OKC 15 | SAS 18 | R1P7 SAC 2011
8%
F DaRon Holmes II** 14 DEN 14 | R1P22 PHX 2024
8%
F Georges Niang* 31* IND 32 | UTA 31 | PHI 20 | CLE 20 |ATL 20 | R2P50 IND 2016
8%
G JD Davison* 4 BOS 20 | HOU 4 | R2P53 BOS 2022
8%
MIN C Joan Beringer** 19 MIN 19 | R1P17 MIN 2025
8%
C Jock Landale* 31 SAS 34 | PHX 11 | HOU 2 | MEM 31 | UDFA N/A 2018
8%
G Jordan McLaughlin 0 MIN 6 | SAC 3 | SAS 11 | SAS 0 | UDFA N/A 2018
8%
C Khaman Maluach** 10 PHX 10 | R1P10 HOU 2025
8%
G Kobe Sanders** 4 LAC 4 | R2P50 NYK 2025
8%
F Lindy Waters III* 43 OKC 12 | GSW 43 | DET 43 | SAS 43 | UDFA N/A 2020
8%
G LJ Cryer** 18 GSW 18 | UDFA N/A 2025
8%
C Maxime Raynaud** 42 SAC 42 | R2P42 SAC 2025
8%
LAC F Patrick Baldwin Jr. 23 GSW 7 | WSH 7 | LAC 23 | R1P28 GSW 2022
8%
G/F Rayan Rupert 21 POR 72 | POR 21 | R2P43 POR 2023
8%
C Yang Hansen** 16 POR 16 | R1P16 MEM 2025
8%
C Yanic Konan Niederhäuser** 14 LAC 14 | R1P30 LAC 2025
8%
G Blake Wesley* 1 SAS 14 | POR 1 | R1P25 SAS 2022
4%
C Branden Carlson 15 OKC 15 | UDFA N/A 2024
4%
F Brice Sensabaugh 28 UTA 8 | UTA 28 | R1P28 UTA 2023
4%
G Caleb Love** 2 POR 2 | UDFA N/A 2025
4%
G Chris Mañon** 30 LAL 30 | UDFA N/A 2025
4%
G Chris Youngblood** 3 OKC 3 | UDFA N/A 2025
4%
F/C Dario Šarić* 20 PHI 9 | MIN 36 | PHX 20 | OKC 9 |GSW 20 | DEN 9 | SAC 20 | R1P12 ORL 2014
4%
G Dennis Schröder* 17 ATL 17 | OKC 17 | LAL 17 | BOS 71 | HOU 17 | LAL 17 | TOR 17 | BKN 17 | GSW 71 | DET 17 | SAC 17 | R1P17 ATL 2013
4%
F/C Drew Timme* 17 BKN 26 | LAL 17 | UDFA N/A 2023
4%
G Elijah Harkless 16 UTA 16 | UDFA N/A 2023
4%
F Enrique Freeman* 25* IND 8 | R2P50 IND 2024
4%
G Isaiah Collier 8 UTA 13 | UTA 8 | R1P29 UTA 2024
4%
F Isaiah Crawford* 27 SAC 24 | HOU 27 | UDFA N/A 2024
4%
G Jahmai Mashack** 21 MEM 21 | R2P59 HOU 2025
4%
G Javon Small** 10 MEM 10 | R2P48 MEM 2025
4%
G John Konchar 46 MEM 46 | UDFA N/A 2019
4%
G Johnny Juzang* 9 UTA 33 | MIN 9 | UDFA N/A 2022
4%
G Jordan Goodwin* 23 WSH 7 | PHX 0 | MEM 4 | LAL 30 |PHX 23 | UDFA N/A 2021
4%
F/C Kevin Love* 42 MIN 42 | CLE 0 | MIA 42 | UTA 42 | R1P5 MEM 2008
4%
C Kyle Filipowski 22 UTA 22 | R2P32 UTA 2024
4%
F Malevy Leons* 33 OKC 17 | GSW 33 | UDFA N/A 2024
4%
G/F Matisse Thybulle 4 PHI 22 | POR 4 | R1P20 BOS 2019
4%
G Miles Kelly** 14 DAL 14 | UDFA N/A 2025
4%
C Moussa Cissé** 30 DAL 30 | UDFA N/A 2025
4%
C Nick Richards 2 CHA 14 | CHA 4 | PHX 2 | R2P42 NOP 2020
4%
F Oso Ighodaro 11 PHX 4 | PHX 11 | R2P40 PHX 2024
4%
F Ousmane Dieng 13 OKC 13 | R1P11 NYK 2022
4%
F Rasheer Fleming** 20 PHX 20 | R2P31 MIN 2025
4%
G Sidy Cissoko 91 SAS 25 | POR 91 | R2P44 SAS 2023
4%
C Thomas Sorber** 12* ROOKIE R1P15 OKC 2025
4%
OKC G Brooks Barnhizer** 23 OKC 23 | R2P44 OKC 2025
0%
G Bryce McGowens* 11 CHA 7 | POR 11 | NOP 11 | R2P40 MIN 2022
0%
G/F Daeqwon Plowden* 29 ATL 29 | SAC 29 | UDFA N/A 2022
0%
F DavidJones-García** 25 SAS 25 | UDFA N/A 2024
0%
F Doug McDermott 7 CHI 3 | CHI 11 | OKC 25 | NYK 20 |DAL 20 | IND 20 | SAS 17 | IND 20 | SAC 7 | R1P11 DEN 2014
0%
F/C Drew Eubanks* 19 SAS 14 | POR 24 | PHX 14 | UTA 15 | LAC 15 | SAC 19 | UDFA N/A 2018
0%
C Duop Reath 26 POR 26 | UDFA N/A 2018
0%
C Dylan Cardwell** 32 SAC 32 | UDFA N/A 2025
0%
C Hunter Dickinson** 4 NOP 4 | UDFA N/A 2025
0%
F Hunter Tyson 5 DEN 4 | DEN 5 | R2P37 OKC 2023
0%
F Isaiah Livers* 18 DET 12 | PHX 18 | R2P42 DET 2021
0%
G Isaiah Stevens 24 SAC 24 | UDFA N/A 2024
0%
G Jamaree Bouyea* 17 MIA 11 | WSH 4 | POR 21 | SAS 15 |MIL 15 | PHX 17 | UDFA N/A 2022
0%
G John Tonje** 17* ROOKIE R2P53 UTA 2025
0%
F/C Karlo Matković 17 NOP 17 | R2P52 NOP 2022
0%
G Keon Ellis 23 SAC 23 | UDFA N/A 2021
0%
G Koby Brea** 14 PHX 14 | R2P41 GSW 2025
0%
G/F Micah Peavy** 14 NOP 14 | R2P40 WSH 2025
0%
G Nique Clifford** 5 SAC 5 | R1P24 OKC 2025
0%
F/C Oscar Tshiebwe 34 IND 44 | UTA 34 | UDFA N/A 2023
0%
SAC F Precious Achiuwa* 9 MIA 5 | TOR 5 | NYK 5 | SAC 9 | R1P20 MIA 2020
0%
C Rocco Zikarsky** 44* ROOKIE R2P45 CHI 2025
0%
F Royce O'Neale 00 UTA 23 | BKN 00 | PHX 00 | UDFA N/A 2015
0%
G/F Sviatoslav Mykhailiuk 10 LAL 10 | DET 19 | OKC 14 | TOR 14 | NYK 17 | CHA 10 | BOS 50 | UTA 19 | UTA 10 | R2P47 LAL 2018
0%
DEN G Tamar Bates** 7* ROOKIE UDFA N/A 2025
0%
G Tristen Newton 00* IND 4 | MIN 13 | R2P49 IND 2024
0%
No matching quizzes found
Score Distribution
Percent of People with Each Score
Percentile by Number Answered
Your Score History
You have not taken this quiz